| 000 | 00701nam a2200241Ia 4500 | ||
|---|---|---|---|
| 003 | OSt | ||
| 005 | 20220916111034.0 | ||
| 006 | a|||||r|||| 00| 0 | ||
| 007 | ta | ||
| 008 | 220915b |||||||| |||| 00| 0 eng d | ||
| 024 | _a125260 | ||
| 037 | _cTextbook | ||
| 040 |
_beng _aARTS _cARTS |
||
| 041 | _aeng | ||
| 082 | _aV653:1:L, 122A.1-.2(906) | ||
| 100 | _aDemanet M.L 'Abbe | ||
| 245 | 0 | _aNouvelle historie e l'Afrique Francaise enrichie de Catres and d'observations astromomiques and georgaphiques | |
| 260 |
_aNA _bNA |
||
| 300 |
_a2V _ccm. |
||
| 650 | _aHISTORY | ||
| 942 |
_hV653:1:L, 122A.1-.2(906) _cTB _2CC |
||
| 999 |
_c104180 _d104180 |
||